|
|
|
|
| LEADER |
00000cac a2200000 i 4500 |
| 003 |
Ucuenca |
| 005 |
20230308230101.0 |
| 006 |
a||||gr|||| 001 p |
| 007 |
ta |
| 008 |
001111s1968 sp gr|||| 001|p spa a |
| 040 |
|
|
|b spa
|a UCuenca-cdrjbv
|c UCuenca
|e rda
|
| 041 |
0 |
|
|a spa
|
| 082 |
0 |
|
|2 22
|a 860.9
|c 350158
|
| 100 |
1 |
|
|9 229041
|a Molina, Antonio F.
|e autor
|
| 245 |
0 |
3 |
|a La generación del 98 /
|c Antonio F. Molina.
|
| 250 |
|
|
|a Primera edición.
|
| 264 |
|
1 |
|a Barcelona:
|b Labor,
|c 1968.
|
| 300 |
|
|
|a 144 páginas:
|c 19 cm
|
| 336 |
|
|
|2 rdacontent
|a texto
|b txt
|
| 337 |
|
|
|2 rdamedia
|a no mediado
|b n
|
| 338 |
|
|
|2 rdacarrier
|a volumen
|b nc
|
| 490 |
|
|
|a Labor,
|v no 77
|
| 504 |
|
|
|a incl. bibind.
|
| 505 |
0 |
|
|a Razones históricas y literarias de la generación Algunos precursores -- Cinco escritores -- Otros escritores -- El teatro -- La poesía
|
| 650 |
2 |
7 |
|2 UCuenca-cdrjbv
|a Literatura
|z España
|9 248622
|
| 650 |
1 |
7 |
|2 UCuenca-cdrjbv
|9 442
|a Teatro
|
| 650 |
2 |
7 |
|2 UCuenca-cdrjbv
|a Poesía
|z España
|9 241330
|
| 852 |
|
|
|a UC-CDJBV
|
| 942 |
|
|
|c CR
|2 ddc
|r luz.vázquez@ucuenca.edu.ec
|z bladimir.cabrerar@ucuenca.edu.ec
|
| 999 |
|
|
|c 155172
|d 155172
|